Cuaderno del Seminario: revista del seminario del espacio

Guardat en:
Dades bibliogràfiques
Autor corporatiu: Pontificia Universidad Católica de Valparaíso (Autor), Vicerrectoría de Investigación y Estudios Avanzados (Autor)
Format: Llibre
Idioma:espanyol
Publicat: Valparaíso Pontificia Universidad Católica de Valparaíso 2006
Edició:1a. ed
Matèries:
Etiquetes: Afegir etiqueta
Sense etiquetes, Sigues el primer a etiquetar aquest registre!

MARC

LEADER 00000cam a2200000 a 4500
001 UCD3163
003 CL-VaPUC
008 160526e20060000cl |||||||||||||||||spa|d
082 0 4 |a 114  |b PON  |2 21 
110 2 |a Pontificia Universidad Católica de Valparaíso  |e author  |9 586527 
710 2 |a Vicerrectoría de Investigación y Estudios Avanzados  |e author  |9 586528 
245 1 0 |a Cuaderno del Seminario: revista del seminario del espacio 
250 |a 1a. ed 
300 |a 279 p 
942 |c BK 
945 |d 20160526 21:26:00  |a arojas 
260 |a Valparaíso  |b Pontificia Universidad Católica de Valparaíso  |c 2006 
500 |a ISSN: 0718-4247 
500 |a v.2, 2006 
650 0 |a Espacio  |9 336785 
650 0 |a Hermenéutica  |9 269473 
650 0 |a Filosofía contemporánea  |9 265372 
583 |a last modification  |c 20170530 02:58:24  |k Rodrigo Vera 
999 |c 364216  |d 364214 
952 |0 0  |1 0  |3 erb  |4 0  |6 114_000000000000000_PON_2006  |7 0  |8 A  |9 477195  |a BIBGIM  |b BIBGIM  |i 5286891  |o 114 PON 2006  |p 5286891  |r 2025-01-15  |w 2019-11-24  |y BK  |z Catalogado en:20160526  |k SSL